Loading...
| History - American | 0 | 4 | 1 | 1 | 35 | 72 | 94.75 | 1 | 3 | 0.00 | 0.00 |
| Social Science | 0 | 4 | 1 | 0 | 35 | 89 | 94.25 | 1 | 1 | 0.00 | 0.00 |
| Religion | 0 | 4 | 1 | 1 | 35 | 50 | 88.75 | 1 | 3 | 0.00 | 0.00 |
| History - World | 0 | 4 | 1 | 1 | 35 | 62 | 84.50 | 0 | 3 | 0.00 | 0.00 |
| Fine Arts - Classical Music | 0 | 3 | 0 | 2 | 30 | 93 | 116.67 | 0 | 0 | 0.00 | 0.00 |
| History - European | 0 | 3 | 0 | 0 | 30 | 81 | 86.67 | 0 | 1 | 0.00 | 0.00 |
| Science - Biology | 0 | 3 | 0 | 1 | 30 | 97 | 104.33 | 0 | 0 | 0.00 | 0.00 |
| Fine Arts - Other | 0 | 4 | 3 | 1 | 25 | 69 | 106.00 | 1 | 1 | 0.00 | 0.00 |
| Pop Culture | 0 | 2 | 0 | 0 | 20 | 41 | 84.00 | 1 | 1 | 0.00 | 0.00 |
| Science - Chemistry | 0 | 2 | 0 | 0 | 20 | 101 | 111.50 | 0 | 0 | 0.00 | 0.00 |
| Geography/Current Events | 0 | 2 | 1 | 1 | 15 | 72 | 99.00 | 0 | 1 | 0.00 | 0.00 |
| Science - Other | 0 | 2 | 1 | 0 | 15 | 68 | 84.00 | 0 | 2 | 0.00 | 0.00 |
| Mythology | 0 | 1 | 0 | 0 | 10 | 126 | 126.00 | 0 | 0 | 0.00 | 0.00 |
| Literature - World/Other | 0 | 1 | 0 | 0 | 10 | 51 | 51.00 | 1 | 1 | 0.00 | 0.00 |
| History - Other | 0 | 1 | 0 | 0 | 10 | 42 | 42.00 | 1 | 1 | 0.00 | 0.00 |
| Science - Physics | 0 | 1 | 0 | 0 | 10 | 103 | 103.00 | 0 | 0 | 0.00 | 0.00 |
| Literature - European | 0 | 1 | 0 | 0 | 10 | 87 | 87.00 | 0 | 0 | 0.00 | 0.00 |
| Literature - American | 0 | 1 | 0 | 0 | 10 | 101 | 101.00 | 0 | 0 | 0.00 | 0.00 |
| Fine Arts - Visual | 0 | 1 | 1 | 1 | 5 | 122 | 122.00 | 0 | 0 | 0.00 | 0.00 |
| Philosophy | 0 | 1 | 1 | 0 | 5 | 89 | 89.00 | 1 | 1 | 0.00 | 0.00 |